Anne of Green Gables: stories for young readers
সংরক্ষণ করুন:
| প্রধান লেখক: | |
|---|---|
| বিন্যাস: | গ্রন্থ |
| ভাষা: | ইংরেজি |
| প্রকাশিত: |
Nimbus Publishing
2008
|
| সংস্করন: | 1a. ed |
| মালা: | Rincón Canadá
|
| বিষয়গুলি: | |
| ট্যাগগুলো: |
ট্যাগ যুক্ত করুন
কোনো ট্যাগ নেই, প্রথমজন হিসাবে ট্যাগ করুন!
|
MARC
| LEADER | 00000cam a2200000 a 4500 | ||
|---|---|---|---|
| 001 | UCE3736 | ||
| 003 | CL-VaPUC | ||
| 008 | 140925e20080000cn |||||||||||||||||eng|d | ||
| 020 | |a 9781551096629 | ||
| 082 | 0 | 4 | |a C813 |b MON |2 21 |
| 100 | |a Montgomery, Lucy Maud |e autora |9 867056 | ||
| 245 | 1 | 0 | |a Anne of Green Gables: stories for young readers |
| 250 | |a 1a. ed | ||
| 300 | |a 46 p | ||
| 942 | |c BK | ||
| 945 | |d 20140925 17:45:00 |a arojas | ||
| 260 | |b Nimbus Publishing |c 2008 | ||
| 650 | 7 | |a CUENTOS CANADIENSES |2 CL-VaPUC |9 319373 | |
| 650 | 0 | |a Cuentos infantiles |9 308044 | |
| 650 | 0 | |a Literatura canadiense |9 342826 | |
| 650 | 0 | |a Literatura infantil |9 307465 | |
| 583 | |a last modification |c 20140925 17:45:00 |k Rodrigo Vera | ||
| 490 | 0 | |a Rincón Canadá | |
| 999 | |c 356897 |d 356895 | ||
| 952 | |0 0 |1 0 |3 erb |4 0 |6 C_813_000000000000000_MON_2008 |7 0 |8 A |9 464666 |a BIBEDU |b BIBEDU |i 5114306 |o C813 MON 2008 |p 5114306 |r 2019-11-23 |w 2019-11-23 |y BK |z Catalogado en:20140925 |k PAR | ||
| 952 | |0 0 |1 0 |3 erb |4 0 |6 C_813_000000000000000_MON_2008 |7 0 |8 A |9 464667 |a BIBEDU |b BIBEDU |i 5114314 |l 4 |m 1 |o C813 MON 2008 |p 5114314 |r 2023-04-25 |s 2023-04-10 |w 2019-11-23 |y BK |z Catalogado en:20140925 |k PAR | ||